| 000 | 00619nam a2200217 a 4500 | ||
|---|---|---|---|
| 005 | 20240704063800.0 | ||
| 008 | 071001s19822005mx r 000 0 spa d | ||
| 020 | _a9686006303 | ||
| 035 | _aUPN01000152500 | ||
| 049 | _aCG | ||
| 050 | 4 |
_aPN3171 _bJ3.7 1982 |
|
| 100 | 1 | _aJáuregui, A. L | |
| 245 | 1 | 3 |
_aEl teatro en la escuela / _cA. L. Jáuregui. |
| 250 | _a3a ed. | ||
| 260 |
_aMéxico : _bAvante, _c1982 (2005 impr.). |
||
| 300 |
_a256 p. : _bil. |
||
| 650 | 4 |
_aTeatro en la educación _95250 |
|
| 650 | 7 |
_aTeatro escolar infantil _2 _96353 |
|
| 650 | 4 |
_aTeatro _xEstudio y enseñanza _917549 |
|
| 905 | _aLibro | ||
| 999 |
_c124623 _d124623 |
||